| 000 | 00816cam a22002294a 4500 | ||
|---|---|---|---|
| 020 | _a0521470374 | ||
| 020 | _a0521469945 (pb.) | ||
| 040 | _cDLC | ||
| 082 | 0 | 0 | _a320 CAM 2001 A069 Or. |
| 100 | 1 | _aCarter, Neil, | |
| 245 | 1 | 4 |
_aThe politics of the environment : _bideas, activism, policy / |
| 260 |
_aCambridge ; _aNew York : _bCambridge University Press, _c2001. |
||
| 300 |
_axix, 361 p. ; _c26 cm. |
||
| 650 | 0 | _aGreen movement. | |
| 650 | 0 | _aEnvironmentalism | |
| 650 | 0 | _aEnvironmental policy. | |
| 856 | 4 | 1 | _uhttp://www.loc.gov/catdir/samples/cam031/2001035638.html |
| 856 | 4 | 2 | _uhttp://www.loc.gov/catdir/description/cam021/2001035638.html |
| 856 | 4 | 1 | _uhttp://www.loc.gov/catdir/toc/cam021/2001035638.html |
| 856 | 4 | 2 | _uhttp://www.loc.gov/catdir/enhancements/fy0731/2001035638-b.html |
| 942 | _cEK | ||
| 999 |
_c14655 _d14655 |
||